000 00422nam a2200145 i 4500
001 62139
003 ES-MaACL
007 t|
008 031118q1908 fr ||||1| fre d
100 1 _aFerber, Ferdinand.
_949274
245 1 0 _aL'aviation, ses dèbuts, son developpement /
_cF. Ferber.
260 _aParís :
_b[s.n.,
_c1908?] (
_eNancy :
_fBerger-Levrault)
300 _aXII, 250 p. ;
_c23 cm.
852 _aES-MaACL
_jB-325
999 _c62139
_d62139